Friends Episodes Quiz Stats

 Plays Quiz Updated Oct 11, 2018

Score 0/238 Timer 17:00
25 Plays Today
Episode % Correct
The One Where Monica Gets a Roommate
73%
The Last One (Part 1)
72.5%
The Last One (Part 2)
72.5%
The One with the Birth
63.9%
The One in Vegas (Part 1)
63.5%
The One in Vegas (Part 2)
63.5%
The One Where Rachel Finds Out
61.5%
The One in Barbados (Part 1)
60.8%
The One in Barbados (Part 2)
60.8%
The One at the Beach
60.8%
The One with the Blackout
60.5%
The One with the Thumb
59.8%
The One with the Monkey
59.4%
The One with the Sonogram at the End
59.3%
The One Where Ross and Rachel... You Know
58%
The One with Ross's Wedding (Part 1)
56.9%
The One with Ross's Wedding (Part 2)
56.9%
The One Where Ross Finds Out
56.5%
The One with Monica and Chandler's Wedding (Part 1)
56.5%
The One with Monica and Chandler's Wedding (Part 2)
56.5%
The One with the Proposal (Part 1)
55.8%
The One with the Proposal (Part 2)
55.8%
The One with the Embryos
55.6%
The One with the Prom Video
55.5%
The One with Two Parts (Part 1)
55.1%
The One with Two Parts (Part 2)
55.1%
The One with the Lesbian Wedding
55%
The One with the Jellyfish
54.6%
The One Where Underdog Gets Away
54.2%
The One with the Football
53.9%
The One Where Nana Dies Twice
53.4%
The One with Barry and Mindy's Wedding
53.1%
The One Where Joey Moves Out
53%
The One Where No One's Ready
52.9%
The One with Ross's New Girlfriend
52.8%
The One with Chandler in a Box
52.6%
The One After the Superbowl (Part 1)
52.4%
The One After the Superbowl (Part 2)
52.4%
The One Where Eddie Moves In
52.3%
The One After Ross Says Rachel
52.1%
The One Where Eddie Won't Go
51.9%
The One with the List
51.7%
The One with the Chick and the Duck
51.7%
The One with the Butt
51.5%
The One with Phoebe's Wedding
51.5%
The One with the East German Laundry Detergent
51.4%
The One with Rachel's Sister
51.4%
The One That Could Have Been (Part 1)
51.2%
The One That Could Have Been (Part 2)
51.2%
The One Where Heckles Dies
50.8%
The One with the Cat
50.8%
The One with Monica's Thunder
50.5%
The One with Phoebe's Dad
50.3%
The One with Five Steaks and an Eggplant
49.9%
The One Where Ross and Rachel Take a Break
49.7%
The One with the Ball
49.5%
The One with the Boobies
49.4%
The One with Mrs. Bing
49.4%
The One the Morning After
49.3%
The One with the Two Parties
49.2%
The One with All the Poker
49.2%
The One After Vegas
49%
The One with the Ick Factor
49%
The One with the Red Sweater
48.9%
The One with the Flashback
48.9%
The One with the Jam
48.8%
The One with the Princess Leia Fantasy
48.7%
The One with the Baby on the Bus
48.6%
The One Hundredth
48.5%
The One Where Rachel Quits
48.5%
The One with the Fake Monica
48.2%
The One with the Dozen Lasagnas
48.2%
The One with the Evil Orthodontist
47.7%
The One Where Chandler Crosses the Line
47.6%
The One Where the Monkey Gets Away
47.6%
The One with Phoebe's Husband
47.5%
The One with the Candy Hearts
47.5%
The One with Frank Jr.
47.5%
The One with George Stephanopoulos
47.3%
The One Where Ross Is Fine
47%
Episode % Correct
The One Where Rachel Has a Baby (Part 1)
46.8%
The One Where Rachel Has a Baby (Part 2)
46.8%
The One with Phoebe's Uterus
46.7%
The One Without the Ski Trip
46.6%
The One Where Everybody Finds Out
46.6%
The One Where Dr. Ramoray Dies
46.5%
The One with Joey's Big Break
46.1%
The One Where No One Proposes
46%
The One with Russ
45.8%
The One with the Race Car Bed
45.7%
The One with All the Wedding Dresses
45.7%
The One with the Ultimate Fighting Champion
45.6%
The One After I Do
45.6%
The One with Rachel's Other Sister
45.5%
The One with All the Haste
45.3%
The One Where Monica and Richard Are Just Friends
45.2%
The One with the Stripper
45.2%
The One with All the Kissing
44.9%
The One with the Ring
44.7%
The One with the Breast Milk
44.7%
The One Where Chandler Can't Remember Which Sister
44.6%
The One with the Stoned Guy
44.4%
The One with the Yeti
44.3%
The One with Ross's Tan
44.2%
The One with the Giant Poking Device
44.1%
The One with the Dirty Girl
44.1%
The One Where Emma Cries
43.9%
The One with All the Rugby
43.9%
The One Where Estelle Dies
43.8%
The One Where Rachel Tells...
43.7%
The One Where They All Turn Thirty
43.6%
The One with Chandler's Dad
43.5%
The One with the Free Porn
43.3%
The One with Joey's New Girlfriend
43.2%
The One Where Phoebe Hates PBS
42.7%
The One Where Ross Dates a Student
42.7%
The One with All the Jealousy
42.5%
The One Where Old Yeller Dies
42.5%
The One with Ross's Sandwich
42.5%
The One with the Holiday Armadillo
42.2%
The One with the Worst Best Man Ever
42.1%
The One Where Chandler Can't Cry
42%
The One with the Thanksgiving Flashbacks
42%
The One with Joey's Dirty Day
41.9%
The One Where Rachel Is Late
41.9%
The One with the Fake Party
41.8%
The One with the Ballroom Dancing
41.8%
The One with the Metaphorical Tunnel
41.8%
The One with the Videotape
41.6%
The One with the 'Cuffs
41.2%
The One with the Invitation
41.1%
The One with Unagi
41%
The One Where Rachel Smokes
41%
The One Where Paul's the Man
40.9%
The One with the Screamer
40.9%
The One Where They're Up All Night
40.8%
The One with Rachel's Assistant
40.7%
The One with Rachel's Crush
40.6%
The One with the Girl from Poughkeepsie
40.5%
The One with Christmas in Tulsa
40.4%
The One with Ross' Teeth
40.4%
The One with the Tiny T-Shirt
40.2%
The One with Rachel's New Dress
40.1%
The One with the Routine
40%
The One with the Dollhouse
39.9%
The One with the Kips
39.8%
The One After Joey and Rachel Kiss
39.7%
The One Where the Stripper Cries
39.7%
The One with the Bullies
39.6%
The One with Mac and C.H.E.E.S.E.
39.6%
The One Where Ross Hugs Rachel
39.4%
The One with All the Candy
39.3%
The One Where Phoebe Runs
39.3%
The One with Phoebe's Ex-Partner
39.3%
The One Where Rosita Dies
39.3%
The One with the Inappropriate Sister
39.1%
The One with Rachel's Book
39%
The One with the Chicken Pox
38.9%
The One with the Cop
38.9%
The One Where Chandler Doesn't Like Dogs
38.9%
Episode % Correct
The One Where They're Going to Party!
38.9%
The One with Monica's Boots
38.8%
The One with the Birth Mother
38.7%
The One Where Joey Dates Rachel
38.7%
The One with Ross's Thing
38.5%
The One with the Cake
38.4%
The One with All the Cheesecakes
38.4%
The One Where Joey Speaks French
38.4%
The One Where Ross Moves In
38.2%
The One with Rachel's Going Away Party
38.2%
The One with Joey's Bag
38.1%
The One with the Male Nanny
38%
The One with the Halloween Party
37.8%
The One with the Sharks
37.7%
The One with All the Resolutions
37.6%
The One with the Late Thanksgiving
37.6%
The One with All the Other Ones (Part 1)
37.5%
The One with Joey's Porsche
37.5%
The One with All the Other Ones (Part 2)
37.5%
The One with Rachel's Inadvertent Kiss
37.5%
The One with the Rumor
37.3%
The One with the Hypnosis Tape
37.1%
The One Where Ross Meets Elizabeth's Dad
37%
The One Where Rachel's Sister Babysits
36.9%
The One Where Joey Tells Rachel
36.8%
The One with Princess Consuela
36.8%
The One with the Ride Along
36.8%
The One with the Birthing Video
36.4%
The One with Phoebe's Rats
36.4%
The One with Chandler's Work Laugh
36.3%
The One with the Cheap Wedding Dress
36%
The One Where Ross Got High
36%
The One with Phoebe's Cookies
36%
The One Where Monica Sings
36%
The One with the Lottery
35.6%
The One Where Chandler Takes a Bath
35.6%
The One with the Apothecary Table
35.5%
The One with the Girl Who Hits Joey
35.1%
The One with the Truth About London
35%
The One with Ross's Denial
35%
The One with the Baby Shower
34.7%
The One with the Soap Opera Party
34.6%
The One with the Donor
34.2%
The One in Massapequa
34.1%
The One with Joey's Fridge
34.1%
The One with Ross's Inappropriate Song
34.1%
The One Where Joey Loses His Insurance
34%
The One with Ross' Grant
33.8%
The One with Rachel's Big Kiss
33.3%
The One with the Vows
33.3%
The One Where Chandler Gets Caught
33.3%
The One Where Ross Can't Flirt
32.9%
The One with the Fertility Test
32.8%
The One with the Home Study
32.7%
The One with the Engagement Picture
32.5%
The One with Joey's New Brain
32.4%
The One with Ross and Monica's Cousin
31.9%
The One with Joey's Interview
31.8%
The One with the Boob Job
31.8%
The One with the Secret Closet
31.7%
The One with the Pediatrician
31.7%
The One with Phoebe's Birthday Dinner
31.7%
The One with the Stain
31.6%
The One on the Last Night
31.6%
The One with the Cooking Class
31.5%
The One with Rachel's Date
31.1%
The One with Ross' Library Book
31.1%
The One with the Nap Partners
30.6%
The One with the Joke
30.2%
The One with the Tea Leaves
30.2%
The One with Rachel's Dream
29.9%
The One Where Rachel Goes Back to Work
29.8%
The One with Rachel's Phone Number
29.6%
The One with the Mugging
29.4%
The One with Joey's Award
29.3%
The One with the Blind Dates
28.4%
The One with the Memorial Service
28.3%
The One with Ross's Step Forward
27.8%

You're not logged in!

Compare scores with friends on all Sporcle quizzes.
OR
Log In

Sporcle TV

Today on Sporcle TV


Watch our educational content, quiz creation guides, and fun videos on Sporcle TV.

Show Comments

Extras

Top Quizzes Today


Score Distribution

Your Account Isn't Verified!

In order to create a playlist on Sporcle, you need to verify the email address you used during registration. Go to your Sporcle Settings to finish the process.

Report this User

Report this user for behavior that violates our Community Guidelines.

Details: